Technika restavracii kartin /

Hlavní autor: Kudrjavcev, E. V.
Jazyk: Ruština
Vydáno: Moskva : Izdatel`stvo Gosudarstvennoj Tret`jakovskoj gallerei, 1948
Fyzický popis: 143 s. : 22 obr. příl.
Knihy
Uloženo v:
LEADER 00617nam a22001932a 4500
001 001751816
003 CZ BrMZK
005 20200601123926.0
007 ta
008 200601s1948 ru f er|||||||||||rus d
040 |a BOA001  |b cze  |e aacr2 
100 1 |a Kudrjavcev, E. V.  |4 aut 
245 1 0 |a Technika restavracii kartin /  |c E. V. Kudrjavcev 
260 |a Moskva :  |b Izdatel`stvo Gosudarstvennoj Tret`jakovskoj gallerei,  |c 1948 
300 |a 143 s. :  |b 22 obr. příl. 
910 |a BOA001  |b 3-0245.209 
990 |a BK 
991 |b 202005 
996 7 |b 2618837441  |c 3-0245.209  |l MZK  |r Sklad / do 1 hodiny  |n 0  |w 001804258  |u 000010  |a 1  |e BOA001  |j MZK50  |s A